Meaning in history: the theological implications of the philosophy of history
Guardat en:
| Autor principal: | |
|---|---|
| Format: | Llibre |
| Idioma: | anglès |
| Publicat: |
Chicago
University of Chicago
1949
|
| Matèries: | |
| Etiquetes: |
Afegir etiqueta
Sense etiquetes, Sigues el primer a etiquetar aquest registre!
|
MARC
| LEADER | 00000nam a2200000 a 4500 | ||
|---|---|---|---|
| 001 | UCP4420 | ||
| 003 | CL-VaPUC | ||
| 008 | 990730e19490000US |||||||||||||||||eng|d | ||
| 082 | 0 | 4 | |a 901 |b LOW |2 21 |
| 100 | |a Löwith, Karl |e autor |9 431924 | ||
| 245 | 1 | 0 | |a Meaning in history: the theological implications of the philosophy of history |
| 300 | |a 257 p | ||
| 942 | |c BK | ||
| 945 | |d 19990730 00:00:00 |a lriquelm | ||
| 260 | |a Chicago |b University of Chicago |c 1949 | ||
| 650 | 0 | |a Filosofía de la historia |9 265651 | |
| 650 | 0 | |a Historia y estudios conexos |9 338055 | |
| 650 | 0 | |a Historia |9 255047 | |
| 583 | |a last modification |c 19990730 00:00:00 |k Rodrigo Vera | ||
| 999 | |c 282403 |d 282401 | ||
| 952 | |0 0 |1 0 |4 0 |6 901_000000000000000_LOW_1949 |7 0 |8 X |9 324089 |a BIBHIS |b BIBHIS |d 2019-11-20 |i 1367358 |o 901 LOW 1949 |p 1367358 |r 2024-01-30 |w 2019-11-20 |y BK_X |k HIS | ||